000 00765nam a22001937a 4500
001 BD-DhSAU 10283
003 BD-DhSAU
005 20150627091057.0
008 150627b1988 ii ||||r|||| 000 0 ben d
040 _aBD-DhSAU
082 _222
_a---
_bমহাগ্র
100 _aমহাপাত্র, পীযূষকান্তি
245 _aগ্রন্থবিদ্যা :
_cপীযূষকান্তি মহাপাত্র
_bঐতিহ্য ও উত্তরাধিকার /
260 _aকলিকাতা :
_bওয়ার্ল্ড প্রেস,
_c১৯৮৮.
300 _ax, ৩৮৪ পৃ. :
_c২১ সেমি
590 _ajoy
650 _aগ্রন্থবিদ্যা
942 _2ddc
_cBOOK
999 _c10283
_d10282